10-to-1: History Quiz Stats

 Plays Quiz Updated Jun 26, 2017

Support Sporcle.
Go Orange.
Score 0/55 Timer 06:00
9 Plays Today
% Correct
Windsor
97%
Tudor
96%
Aristotle
96%
Lancaster
95.8%
York
95.8%
Wessex
95.7%
Kazakhstan
95.3%
Great Wall of China
95.3%
Socrates
95.3%
Air Force
95.3%
Kyrgyzstan
95.3%
Army
95.2%
Plato
95.1%
Azerbaijan
94.9%
Turkmenistan
94.8%
Tajikistan
94.8%
Taj Mahal
94.8%
Colosseum
94.6%
Navy
94.6%
Uzbekistan
94.5%
Stuart
94.5%
Archimedes
94.4%
Marine Corps
94.4%
Machu Picchu
94.3%
Hanover
94.2%
Mexico
94.2%
United States
94%
Coast Guard
94%
% Correct
Texas Republic
93.7%
Sophocles
93.6%
Martin Luther King, Jr.
93.4%
Pythagoras
93.1%
Spain
93%
Armenia
92.7%
France
92%
George Washington
91.2%
Epicurus
91%
Confederate States of America
90.9%
Homer
90.8%
Chichen Itza
90.4%
Pyrrhus
90.2%
Christ the Redeemer
90.2%
Georgia
89.8%
Allies
89.1%
Axis
88%
Franklin D. Roosevelt
87.7%
Joseph Stalin
87.6%
Winston Churchill
86.9%
Saxe-Coburg-Gotha
86.7%
Abraham Lincoln
83.9%
Normandy
83.4%
Theodore Roosevelt
82%
Thomas Jefferson
81.8%
Plantagenet
76.8%
Petra
76.7%

You're not logged in!

Compare scores with friends on all Sporcle quizzes.
OR
Log In
Forgot?

From the Vault

3 Letter Body Parts

by HenryFieldstone

Why do all the shortest body parts' doctors have such long names?
Remove Ads.
Support Sporcle.
Get the best of Sporcle when you Go Orange. This ad-free experience offers more features, more stats, and more fun while also helping to support Sporcle. Thank you for becoming a member.

Show Comments

Extras

Top Quizzes Today


Score Distribution

Your Account Isn't Verified!

In order to create a playlist on Sporcle, you need to verify the email address you used during registration. Go to your Sporcle Settings to finish the process.

Report this User

Report this user for behavior that violates our Community Guidelines.

Details: